|
|
|
|
| LEADER |
00000nam a2200000 a 4500 |
| 001 |
vtls011628710 |
| 003 |
SK-MaSNL |
| 005 |
20260422093518.0 |
| 008 |
200205s2017 xo g n 000 0bslo |
| 015 |
|
|
|a SNBA2017/05
|
| 020 |
|
|
|a 9788081920226
|q (brož.)
|
| 035 |
|
|
|a urn:nbn:sk:snk-am00d5mq
|
| 035 |
|
|
|a urn:nbn:sk:snk-am3hqhr
|
| 035 |
|
|
|a 7BA25F00-578E-4118-9BE4-255DEADCAD80
|
| 040 |
|
|
|a SNK
|b slo
|c SNK
|e AACR2
|
| 041 |
1 |
|
|a slo
|h und
|
| 043 |
|
|
|a e-po---
|
| 044 |
|
|
|a xo
|c SK
|
| 072 |
|
7 |
|a 27
|x Kresťanstvo. Kresťanská cirkev všeobecne. Ekleziológia
|2 konspekt
|
| 072 |
|
7 |
|a 929
|x Biografie
|2 konspekt
|
| 080 |
|
|
|a 27-587.5-055.2
|2 2011
|
| 080 |
|
|
|a 27-587
|2 2011
|
| 080 |
|
|
|a 27-36-055.2
|2 2011
|
| 080 |
|
|
|a (469)
|2 2011
|
| 080 |
|
|
|a 2-185.2
|2 2011
|
| 080 |
|
|
|a 27
|2 2011
|
| 080 |
|
|
|a 27-584
|2 2011
|
| 080 |
|
|
|a 27-587.5
|2 2011
|
| 080 |
|
|
|a (092)
|2 2011
|
| 245 |
0 |
0 |
|a Alexandrina da Costa
|b saleziánska mystička : život, posolstvo, zázraky a pobožnosti
|c [zostavil Ľudovít Gabriš ; preklad Kristína Gernátová-Lemková]
|
| 250 |
|
|
|a 1. vyd.
|
| 260 |
|
|
|a Doľany
|b ZAEX - Náboženská literatúra
|c 2017
|
| 300 |
|
|
|a 87 s.
|c 16 cm
|
| 504 |
|
|
|a Bibliografické odkazy
|
| 600 |
1 |
7 |
|a Costa, Alexandrina Maria da,
|c blahoslavená,
|d 1904-1955
|2 SNKMA
|9 164675
|
| 650 |
0 |
7 |
|a kresťanské vizionárky
|2 SNKPH
|9 4175
|
| 650 |
0 |
7 |
|a Christian women visionaries
|2 SNKPHeng
|9 303099
|
| 650 |
0 |
7 |
|a kresťanská mystika
|2 SNKPH
|9 1810
|
| 650 |
0 |
7 |
|a Christian mysticism
|2 SNKPHeng
|9 303101
|
| 650 |
0 |
7 |
|a blahoslavené
|2 SNKPH
|9 115160
|
| 650 |
0 |
7 |
|a Women blessed
|2 SNKPHeng
|9 115341
|
| 650 |
0 |
7 |
|a utrpenie
|x kresťanské chápanie
|2 SNKPH
|9 323805
|
| 650 |
0 |
7 |
|a Suffering
|x christian approach
|2 SNKPHeng
|9 402430
|
| 650 |
0 |
7 |
|a duchovný život
|2 SNKPH
|9 1807
|
| 650 |
0 |
7 |
|a Spiritual life
|2 SNKPHeng
|9 265583
|
| 650 |
0 |
7 |
|a náboženské zjavenia
|2 SNKPH
|9 90233
|
| 650 |
0 |
7 |
|a Apparitions
|2 SNKPHeng
|9 313258
|
| 651 |
|
7 |
|a Portugalsko
|2 SNKPH
|9 56313
|
| 651 |
|
7 |
|a Portugal
|2 SNKPHeng
|9 332470
|
| 700 |
1 |
|
|a Gernátová-Lemková, Kristína
|4 trl
|9 610188
|
| 700 |
1 |
|
|a Gabriš, Ľudovít
|4 com
|9 345655
|
| 852 |
|
|
|a Štátna vedecká knižnica v Banskej Bystrici
|
| 919 |
|
|
|a 978-80-8192-022-6
|
| 958 |
|
|
|a NB
|
| 958 |
|
|
|a NT
|
| 958 |
|
|
|a BC
|
| 958 |
|
|
|a OP
|
| 968 |
|
|
|b LANGUES DIVERSES
|
| 999 |
|
|
|c 936680
|d 938610
|
| 952 |
|
|
|a SNK
|b SNK
|y PREZ
|7 0
|p 17A1258618
|o snkSD 86237
|i snk2017/10927
|8 0
|0 0
|1 0
|4 0
|d 2017-05-12
|f 1
|l 0
|r 2026-02-24 09:06:15
|w 2026-02-24
|
| 952 |
|
|
|a SNK
|b SNK
|y VYP
|7 0
|p 17A1258619
|o snkSD 86237 D1
|i snk2017/10928
|8 0
|0 0
|1 0
|4 0
|d 2017-05-12
|l 0
|r 2026-02-24 09:06:15
|w 2026-02-24
|